Proyecto de lei presentado a la Honorable Cámara de Diputados en 1877 por D. Julio Zegers, Diputado por San Javier de Loncomilla

Saved in:
Bibliographic Details
Main Author: Zegers, Julio (Author)
Format: Book
Language:Spanish
Published: Santiago Imprenta de la República, de Jacinto Núñez 1877
Edition:1a. ed
Subjects:
Tags: Add Tag
No Tags, Be the first to tag this record!

MARC

LEADER 00000nam a2200000 a 4500
001 UCJ4821
003 CL-VaPUC
008 070124e18770000CL |||||||||||||||||spa|d
082 0 4 |a 983  |b ZEG  |2 21 
100 0 |a Zegers, Julio  |e author  |9 358504 
245 1 0 |a Proyecto de lei presentado a la Honorable Cámara de Diputados en 1877 por D. Julio Zegers, Diputado por San Javier de Loncomilla 
250 |a 1a. ed 
300 |a 10 p 
942 |c BK 
945 |d 20070124 00:00:00  |a rinostro 
260 |a Santiago  |b Imprenta de la República, de Jacinto Núñez  |c 1877 
500 |a Empastado junto a otros folletos en un volumen rotulado ZEGERS, FOLLETOS, ubicación 983 ZEG 
600 0 7 |a PODER LEGISLATIVO  |2 CL-VaPUC  |9 509202 
650 0 |a Derechos civiles  |9 255655 
650 0 |a Derechos de la mujer  |9 257074 
650 0 |a Mujeres  |9 257649 
650 0 |a Leyes  |9 256670 
583 |a last modification  |c 20070124 00:00:00  |k Rodrigo Vera 
999 |c 320936  |d 320934 
952 |0 0  |1 0  |4 0  |6 983_000000000000000_ZEG_1877  |7 0  |8 X  |9 399572  |a FDOBUD  |b FDOBUD  |d 2019-11-22  |i 1026410  |o 983 ZEG 1877  |p 1026410  |r 2019-11-22  |w 2019-11-22  |y BK_X  |k BUD